000 01847nam a2200241Ia 4500
003 Ost
005 20260507075236.0
008 260507s9999||||xx |||||||||||||| ||und||
020 _a51823399579
040 _cfsecg
041 _aara
082 _a330
100 _aالشهربلي، انعام علي توفيق
_eمؤلف
245 0 _aأساليب قياس قيمة المعلومات :
_bدراسات و تطبيقات /
_c انعام علي توفيق الشهربلي
260 _aعمان:
_bدار الوراق,
_c2010
300 _a278 صفحة؛
_bإيضاحات ؛
_c24 سم
504 _aمراجع ص.277
520 _aقيمة المعلومات في التفاعل الالكتروني من منظور النظرية الرياضة للمعلومات نموذج براغماتي ، إتجاهات الجودة في نظم المعلومات المحوسبة ، قياس إنتاجية العمل المعلوماتي و مرونته في نظم المعلومات ، إقتصاديات المعرفة الجديدة و خاصية القياس في إعادة هندسة العمليات : قانون باريتو نومذجا القياس و التطبيق ، المعلومات الاستشارية في حالات القيم الاستهلاكية ، قواعد تقديم الخدمات و أثرها في جودة خدمة البحث الآلي ، البرمجة الخطية و التفسير الاقتصادي في تقييم العمل الفني المعلوماتي ، الضبط و التحكم في قواعد البيانات ، التصنيف الآلي ، قياس كفاءة نظم استرجاع المعلومات.
653 _aالبث الإنتقائي للمعلومات
653 _aالمعلومات
653 _aنظم المعلومات- المؤسسة الممتدة
942 _cكتاب
999 _c43592
_d43592